[Event "Mersin op 6th"]
[Site "Mersin"]
[Date "2022.09.05"]
[Round "2"]
[White "Saraci, Nderim"]
[Black "Aydincelebi, Kagan"]
[Result "1/2-1/2"]
[WhiteElo "2490"]
[BlackElo "2242"]
[PlyCount "96"]
[EventDate "2022.09.04"]
[EventType "swiss"]
[EventRounds "9"]
[EventCountry "TUR"]
[SourceTitle "CBM 210 Extra"]
[Source "ChessBase"]
[SourceDate "2022.11.30"]
[SourceVersion "1"]
[SourceVersionDate "2022.11.30"]
[SourceQuality "1"]

1. d4 Nf6 2. Nf3 d5 3. g3 e6 4. Bg2 Be7 5. c4 0-0 6. 0-0 dxc4 7. Qc2 a6 8. a4 Bd7 9. Qxc4 Bc6 10. Bg5 Nbd7 11. Nc3 a5 12. Rfd1 Bxf3 13. Bxf3 c6 14. Qb3 Qb6 15. Qc2 h6 16. Bd2 Nd5 17. Na2 Nb4 18. Nxb4 Bxb4 19. Bc3 Rfd8 20. Rd3 Nf6 21. Rad1 Rd7 22. e3 Rad8 23. Kg2 Qa6 24. Be2 Qb6 25. h3 Nd5 26. e4 Nf6 27. Bf3 Qc7 28. Qe2 Bxc3 29. bxc3 e5 30. Bg4 Nxg4 31. hxg4 exd4 32. cxd4 b5 33. d5 cxd5 34. axb5 dxe4 35. Rxd7 Rxd7 36. b6 Qc6 37. Rxd7 e3+ 38. Qf3 Qxd7 39. Qa8+ Kh7 40. Qe4+ Kg8 41. b7 Qb5 42. fxe3 a4 43. Kf2 a3 44. Qe7 a2 45. Qd8+ Kh7 46. b8Q Qxb8 47. Qxb8 a1Q 48. Qf4 Qa2+ 1/2-1/2